Normal view
MARC view
- Dr. Muhammad Anwar BAig
Entry Personal Name
001 - CONTROL NUMBER
- control field: 19516
003 - CONTROL NUMBER IDENTIFIER
- control field: NUST
005 - DATE AND TIME OF LATEST TRANSACTION
- control field: 20190826055632.0
008 - FIXED-LENGTH DATA ELEMENTS
- fixed length control field: 190826|| aca||aabn | a|a d
040 ## - CATALOGING SOURCE
- Original cataloging agency: NUST
- Transcribing agency: NUST
100 ## - HEADING--PERSONAL NAME
- Personal name: Dr. Muhammad Anwar BAig
670 ## - SOURCE DATA FOUND
- Source citation: Work cat.: (NUST): Iqbal, Khalid 1728, CONTRIBUTION OF INERT WASTE IN DETERIORATION URBAN AMBIENT AIR QUALITY / , 2018.
